Online Catalogue and eLibrary

Like myth and mother : (Record no. 4419)

MARC details
000 -LEADER
fixed length control field 00545nam a2200205Ia 4500
005 - DATE AND TIME OF LATEST TRANSACTION
control field 20240930071359.0
008 - FIXED-LENGTH DATA ELEMENTS--GENERAL INFORMATION
fixed length control field 240331s9999 xx 000 0 und d
020 ## - INTERNATIONAL STANDARD BOOK NUMBER
ISBN 9789555078009
082 ## - DDC Classification
Item Number - Author Mark SUM
Class No. 808
100 ## - MAIN ENTRY--PERSONAL NAME
Personal name Sumathy,S
245 #0 - TITLE STATEMENT
Title Like myth and mother :
Remainder of title a political outobiography in poetry and prose
260 ## - PUBLICATION, DISTRIBUTION, ETC.
Place of publication, distribution, etc. Colombo
Name of publisher, distributor, etc. Department of English university of Peradeniya
Date of publication, distribution, etc. 2008
300 ## - PHYSICAL DESCRIPTION
Extent (e.g. Volumes, Pages etc.) 130 p .,
650 ## - SUBJECT ADDED ENTRY--TOPICAL TERM
Topical term or geographic name entry element Feminist
650 ## - SUBJECT ADDED ENTRY--TOPICAL TERM
Topical term or geographic name entry element Politics
650 ## - SUBJECT ADDED ENTRY--TOPICAL TERM
Topical term or geographic name entry element Poetry
650 ## - SUBJECT ADDED ENTRY--TOPICAL TERM
Topical term or geographic name entry element History
650 ## - SUBJECT ADDED ENTRY--TOPICAL TERM
Topical term or geographic name entry element Language
942 ## - Koha item type (Biblio)
Koha item type Books in Stacks (Lending)
Holdings
Lost status Damaged status Collection code Home library Current library Shelving location Date acquired Full call number Accession Number Item type
    Lending WERC Library WERC Library Social Science Cupboard 03/31/2024 808.81 SUM 6414 Books in Stacks (Lending)

© WERC Library